LDR 01036naa#a2200229#i#450# 001 EN\INFRA-M\bibl\115884 005 20260429004906.3 011 ## _a2500-333X 100 ## _a20260325b2026####ek#y0engy0150####ca 102 ## _aRU 200 1# _aSocio-Legal Changes in Modern Schools: Social Demand and Legal Proposals _eJournal article 210 1# _aMoscow _cINFRA-M Academic Publishing LLC. _d2026 215 ## _a4 с. 606 ## _aПраво и организация социального обеспечения. 40.02.01 _2local 608 ## _aJournal article _2local 675 ## _aПраво. Юридические науки. 34 _z 686 ## _aПраво. Юридические науки. 67 _2bbk 686 ## _aГУМАНИТАРНЫЕ НАУКИ. РЕЛИГИЯ. ИСКУССТВО. 8 _2tbk 686 ## _aОБЩЕСТВЕННЫЕ НАУКИ. ЭКОНОМИКА. ПРАВО.. 7 _2tbk 686 ## _aГОСУДАРСТВО И ПРАВО. ЮРИДИЧЕСКИЕ НАУКИ. 10.00 _2grnti 700 #1 _aBredneva _gValentina Sergeevna 856 4# _anaukaru.ru _u